[Event "Wch Blitz qual"]
[Site "Moscow"]
[Date "2011.02.17"]
[Round "3.1"]
[White "Vitiugov, Nikita"]
[Black "Maslak, Konstantin"]
[Result "1-0"]
[WhiteElo "2709"]
[BlackElo "2561"]
[PlyCount "73"]
[EventDate "2011.02.17"]
[EventType "swiss (blitz)"]
[EventRounds "9"]
[EventCountry "RUS"]
[SourceTitle "CBM 141 Extra"]
[Source "ChessBase"]
[SourceDate "2011.05.03"]
[SourceVersion "1"]
[SourceVersionDate "2011.05.03"]
[SourceQuality "1"]

1. d4 Nf6 2. Bg5 e6 3. Nd2 h6 4. Bh4 c5 5. e4 cxd4 6. e5 g5 7. Bg3 Nd5 8. h4 gxh4 9. Rxh4 Nc6 10. Ngf3 d6 11. Bb5 Bd7 12. exd6 a6 13. Bxc6 Bxc6 14. Nc4 Bb5 15. Qxd4 Rg8 16. 0-0-0 Bxc4 17. Qxc4 Rc8 18. Qa4+ b5 19. Qxa6 Bg7 20. Qxb5+ Kf8 21. d7 Ra8 22. Bd6+ Ne7 23. Ra4 Rxa4 24. Qxa4 Bf6 25. Nd4 Kg7 26. Bxe7 Qxe7 27. Nc6 Qc5 28. d8R Bxd8 29. Nxd8 Qg5+ 30. f4 Qxg2 31. Qd4+ Kh7 32. Nxf7 Rc8 33. Qd3+ Kg7 34. Ne5 Rc7 35. Qd2 Qg3 36. Nd3 h5 37. Qe1 1-0

[Event "RUS-ch Higher League 63rd"]
[Site "Irkutsk"]
[Date "2010.09.05"]
[Round "10"]
[White "Maslak, Konstantin"]
[Black "Ajrapetian, Gevorg"]
[Result "1-0"]
[WhiteElo "2560"]
[BlackElo "2427"]
[PlyCount "103"]
[EventDate "2010.08.20"]
[EventType "swiss"]
[EventRounds "10"]
[EventCountry "RUS"]
[SourceTitle "CBM 138"]
[Source "ChessBase"]
[SourceDate "2010.09.17"]
[SourceVersion "1"]
[SourceVersionDate "2010.09.17"]
[SourceQuality "1"]

1. d4 Nf6 2. Bg5 e6 3. e4 h6 4. Bxf6 Qxf6 5. Nc3 Bb4 6. Qd3 c5 7. a3 Bxc3+ 8. bxc3 d6 9. Qe3 Nd7 10. g3 0-0 11. f4 e5 12. dxe5 dxe5 13. Nf3 Re8 14. f5 Qc6 15. Nd2 Nf6 16. Rg1 Kh7 17. Bc4 Re7 18. g4 b5 19. Be2 Ng8 20. g5 f6 21. gxh6 Nxh6 22. Rg6 Rb8 23. a4 bxa4 24. Kf2 c4 25. Bxc4 Ba6 26. Bd5 Qb6 27. Rxa4 Bb5 28. Ra2 Rc7 29. c4 Be8 30. Rg1 g6 31. fxg6+ Bxg6 32. Qxb6 axb6 33. Rb2 f5 34. Nf3 Ng4+ 35. Ke1 Ne3 36. Nxe5 Bh5 37. Kd2 f4 38. Nd3 Nxc4+ 39. Bxc4 Rxc4 40. Nxf4 Bf3 41. Rb3 Rbc8 42. Rxf3 Rxc2+ 43. Ke3 R8c3+ 44. Nd3 Rxh2 45. Rb1 Rh6 46. Rb5 Rd6 47. Rd5 Rdc6 48. Rff5 Rb3 49. Kf4 b5 50. Ne5 Rc7 51. Ng4 b4 52. Rh5+ 1-0

[Event "RUS-ch Higher League 63rd"]
[Site "Irkutsk"]
[Date "2010.09.04"]
[Round "9"]
[White "Novikov, Stanislav"]
[Black "Maslak, Konstantin"]
[Result "1-0"]
[WhiteElo "2558"]
[BlackElo "2560"]
[PlyCount "101"]
[EventDate "2010.08.20"]
[EventType "swiss"]
[EventRounds "10"]
[EventCountry "RUS"]
[SourceTitle "CBM 138"]
[Source "ChessBase"]
[SourceDate "2010.09.17"]
[SourceVersion "1"]
[SourceVersionDate "2010.09.17"]
[SourceQuality "1"]

1. Nf3 Nf6 2. g3 g6 3. Bg2 Bg7 4. 0-0 0-0 5. c4 c6 6. b3 d5 7. Bb2 a5 8. a3 Na6 9. d3 Re8 10. Nbd2 Qd6 11. Be5 Qd8 12. Qc2 Bg4 13. Qb2 Bxf3 14. Nxf3 Nb8 15. Bd4 Nbd7 16. cxd5 cxd5 17. Rac1 Nh5 18. Bxg7 Nxg7 19. Nd4 e6 20. Nb5 Re7 21. e4 Nf8 22. exd5 exd5 23. Rc5 Rd7 24. Nc3 d4 25. Ne4 Qe7 26. Rb5 Nge6 27. Nd2 Nc5 28. Nc4 Ra6 29. Nb6 Nfe6 30. Qc2 Rd8 31. b4 axb4 32. axb4 Qe8 33. Qc4 Nb3 34. Nd5 Rxd5 35. Rxb7 Rdd6 36. Qxb3 Rab6 37. Rxb6 Rxb6 38. Rb1 Nc7 39. Qc4 Qe5 40. Bc6 Kg7 41. b5 h5 42. h4 Ne6 43. Kf1 Qf6 44. Re1 g5 45. hxg5 Nxg5 46. Qc5 Rb8 47. f4 Ne6 48. Qxh5 Rh8 49. Qe5 Rh2 50. Bg2 Rh8 51. b6 1-0

[Event "RUS-ch Higher League 63rd"]
[Site "Irkutsk"]
[Date "2010.09.02"]
[Round "7"]
[White "Zakhartsov, Viacheslav V"]
[Black "Maslak, Konstantin"]
[Result "1/2-1/2"]
[WhiteElo "2608"]
[BlackElo "2560"]
[PlyCount "138"]
[EventDate "2010.08.20"]
[EventType "swiss"]
[EventRounds "10"]
[EventCountry "RUS"]
[SourceTitle "CBM 138"]
[Source "ChessBase"]
[SourceDate "2010.09.17"]
[SourceVersion "1"]
[SourceVersionDate "2010.09.17"]
[SourceQuality "1"]

1. e4 e5 2. Nf3 Nf6 3. d4 Nxe4 4. Bd3 d5 5. Nxe5 Nd7 6. Nxd7 Bxd7 7. 0-0 Bd6 8. c4 c6 9. cxd5 cxd5 10. Nc3 Nxc3 11. bxc3 0-0 12. Qh5 g6 13. Qxd5 Qc7 14. Bh6 Rfd8 15. h4 Be6 16. Qf3 Qxc3 17. Qf6 Qxd4 18. Qxd4 Bh2+ 19. Kxh2 Rxd4 20. Be3 Rxd3 21. a4 b6 22. Rfd1 Rd7 23. Rxd7 Bxd7 24. a5 bxa5 25. Rxa5 a6 26. Kg3 Bb5 27. Bd4 Rd8 28. Bf6 Rd6 29. Be5 Re6 30. Bc3 Rc6 31. Ra3 f6 32. Ba1 Kf7 33. Rc3 Bc4 34. Kf4 Ke6 35. Re3+ Kd7 36. Rc3 a5 37. g3 a4 38. Bb2 Ke6 39. Ke4 Bd5+ 40. Kd4 Rd6 41. Re3+ Kf7 42. Kc5 Rd7 43. Rd3 Rb7 44. Ba3 Be6 45. Rd4 Bd7 46. Rd6 Be8 47. Rb6 Rc7+ 48. Kd5 Rd7+ 49. Kc4 Rd2 50. Rb2 Rd1 51. Re2 Rd7 52. Rb2 h5 53. Bc5 Kg7 54. Rb6 Bf7+ 55. Kb4 Bb3 56. Rd6 Rb7+ 57. Rb6 Rc7 58. Ra6 g5 59. Ra7 Rxa7 60. Bxa7 Kg6 61. Bb6 Kf5 62. Bd8 gxh4 63. gxh4 Ke5 64. Ka3 f5 65. Bg5 Ke4 66. f4 Kd5 67. Bf6 Ke4 68. Bg5 Kd5 69. Bf6 Ke4 1/2-1/2

[Event "Pardubice Czech op-A 21st"]
[Site "Pardubice"]
[Date "2010.07.29"]
[Round "7"]
[White "Maslak, Konstantin"]
[Black "Vidit, Santosh Gujrathi"]
[Result "1/2-1/2"]
[WhiteElo "2560"]
[BlackElo "2492"]
[PlyCount "63"]
[EventDate "2010.07.23"]
[EventType "swiss"]
[EventRounds "9"]
[EventCountry "CZE"]
[SourceTitle "CBM 137 Extra"]
[Source "ChessBase"]
[SourceDate "2010.09.01"]
[SourceVersion "1"]
[SourceVersionDate "2010.09.01"]
[SourceQuality "1"]

1. d4 d5 2. c4 c6 3. Nc3 Nf6 4. e3 g6 5. Nf3 Bg7 6. Bd3 0-0 7. 0-0 Bg4 8. h3 Bxf3 9. Qxf3 e6 10. Rd1 Nbd7 11. Bd2 dxc4 12. Bxc4 e5 13. Bb3 exd4 14. exd4 Nb6 15. Bg5 Qd6 16. a3 Nbd5 17. Bh4 Rfe8 18. Bg3 Qd7 19. Be5 Rad8 20. Rac1 Qe7 21. Re1 Qf8 22. Ne4 Nxe4 23. Rxe4 f6 24. Bc7 Rd7 25. Rxe8 Qxe8 26. Ba5 Qf7 27. Qg3 a6 28. Bb4 h6 29. h4 h5 30. Re1 Kh7 31. Bc5 f5 32. Qb8 1/2-1/2

[Event "Pardubice Czech op-A 21st"]
[Site "Pardubice"]
[Date "2010.07.23"]
[Round "1"]
[White "Maslak, Konstantin"]
[Black "Galburd, Yan"]
[Result "1-0"]
[WhiteElo "2560"]
[BlackElo "2301"]
[PlyCount "97"]
[EventDate "2010.07.23"]
[EventType "swiss"]
[EventRounds "9"]
[EventCountry "CZE"]
[SourceTitle "CBM 137 Extra"]
[Source "ChessBase"]
[SourceDate "2010.09.01"]
[SourceVersion "1"]
[SourceVersionDate "2010.09.01"]
[SourceQuality "1"]

1. c4 Nf6 2. Nc3 g6 3. g3 Bg7 4. Bg2 d6 5. e3 0-0 6. Nge2 e5 7. 0-0 Re8 8. d3 c6 9. Bd2 Na6 10. a3 Nc5 11. Qc2 Bf5 12. e4 Bd7 13. h3 a5 14. f4 b5 15. b3 a4 16. b4 Nb3 17. Rae1 Nxd2 18. Qxd2 Qb6+ 19. Kh2 Qa6 20. cxb5 cxb5 21. g4 exf4 22. Nxf4 Rac8 23. Ncd5 Nxd5 24. Nxd5 Qa7 25. g5 Qd4 26. Nf6+ Bxf6 27. gxf6 Qe5+ 28. Kh1 Qh5 29. Rf3 Bc6 30. Qf4 d5 31. Rf2 Bd7 32. e5 g5 33. Qg3 Be6 34. Rg1 Kh8 35. Bf3 Qxh3+ 36. Qxh3 Bxh3 37. Rxg5 Rc1+ 38. Kh2 Be6 39. Rfg2 Rc3 40. Bg4 Bxg4 41. R5xg4 Rcc8 42. d4 Rg8 43. Rxg8+ Rxg8 44. Rc2 h6 45. Rc7 Rf8 46. Kh3 Kh7 47. e6 Kg6 48. e7 Re8 49. Rc6 1-0

[Event "Pardubice op rap 21st"]
[Site "Pardubice"]
[Date "2010.07.22"]
[Round "6"]
[White "Maslak, Konstantin"]
[Black "Grinev, Valeriy"]
[Result "1-0"]
[WhiteElo "2560"]
[BlackElo "2336"]
[PlyCount "91"]
[EventDate "2010.07.21"]
[EventType "swiss (rapid)"]
[EventRounds "9"]
[EventCountry "CZE"]
[SourceTitle "CBM 137 Extra"]
[Source "ChessBase"]
[SourceDate "2010.09.01"]
[SourceVersion "1"]
[SourceVersionDate "2010.09.01"]
[SourceQuality "1"]

1. e4 c5 2. Nf3 e6 3. g3 d5 4. exd5 exd5 5. d4 Nc6 6. Bg2 Bg4 7. 0-0 Bd6 8. c4 Nxd4 9. Qe1+ Ne7 10. Nxd4 cxd4 11. cxd5 Qb6 12. Nd2 Bb4 13. a3 Bxd2 14. Bxd2 Qf6 15. Bb4 a5 16. Bc5 b6 17. d6 bxc5 18. Qe4 Qxd6 19. Qxa8+ Bc8 20. Qxa5 0-0 21. Rac1 Ba6 22. Qxc5 Qxc5 23. Rxc5 Bxf1 24. Kxf1 f5 25. f4 g5 26. Rc4 gxf4 27. Rxd4 fxg3 28. hxg3 Ng6 29. Kf2 f4 30. Be4 fxg3+ 31. Kxg3 Rf1 32. Bxg6 hxg6 33. Rd7 Kf8 34. b4 Rb1 35. Kf4 Ke8 36. Rd3 Ke7 37. Ke5 g5 38. Rg3 Re1+ 39. Kd5 Kf6 40. b5 Rb1 41. Kc6 Kf5 42. b6 Kf4 43. Rc3 g4 44. a4 g3 45. Rc2 Kf3 46. a5 1-0

[Event "Pardubice op rap 21st"]
[Site "Pardubice"]
[Date "2010.07.22"]
[Round "8"]
[White "Maslak, Konstantin"]
[Black "Hasangatin, Ramil"]
[Result "1-0"]
[WhiteElo "2560"]
[BlackElo "2498"]
[PlyCount "87"]
[EventDate "2010.07.21"]
[EventType "swiss (rapid)"]
[EventRounds "9"]
[EventCountry "CZE"]
[SourceTitle "CBM 137 Extra"]
[Source "ChessBase"]
[SourceDate "2010.09.01"]
[SourceVersion "1"]
[SourceVersionDate "2010.09.01"]
[SourceQuality "1"]

1. d4 d5 2. c4 c6 3. Nc3 dxc4 4. e4 b5 5. a4 b4 6. Na2 Nf6 7. e5 Nd5 8. Bxc4 a5 9. Nf3 Bf5 10. 0-0 e6 11. Bd2 Be7 12. Nc1 0-0 13. Nb3 Nd7 14. Re1 h6 15. h3 Qb6 16. Qe2 Rac8 17. Red1 Rfd8 18. Be3 Bg6 19. Kh1 Rc7 20. Nfd2 Qa7 21. Qf3 Nxe3 22. Qxe3 Nb6 23. Be2 Nd5 24. Qf3 c5 25. dxc5 Bxc5 26. Nxc5 Rxc5 27. Nc4 Qc7 28. Rd4 Ne7 29. Rxd8+ Qxd8 30. Qe3 Qc7 31. Nd6 Nd5 32. Qd4 Rc1+ 33. Rxc1 Qxc1+ 34. Kh2 Nf4 35. Bb5 Nd5 36. Nc4 Kh7 37. Nxa5 Ne7 38. Qxb4 Nf5 39. Bd3 Qg5 40. Bxf5 Qxf5 41. Qd4 Qc2 42. Nb7 Qc6 43. Nc5 Bf5 44. b4 1-0

[Event "RUS-chT2 17th"]
[Site "Dagomys"]
[Date "2010.04.08"]
[Round "7"]
[White "Drozdovskij, Yuri"]
[Black "Maslak, Konstantin"]
[Result "1/2-1/2"]
[WhiteElo "2627"]
[BlackElo "2560"]
[PlyCount "32"]
[EventDate "2010.04.01"]
[EventType "team-tourn"]
[EventRounds "7"]
[EventCountry "RUS"]
[SourceTitle "CBM 135 Extra"]
[Source "ChessBase"]
[SourceDate "2010.05.04"]
[SourceVersion "1"]
[SourceVersionDate "2010.05.04"]
[SourceQuality "1"]

1. d4 Nf6 2. Nf3 g6 3. Bf4 Bg7 4. e3 d5 5. Nbd2 c6 6. c3 Bf5 7. h3 Ne4 8. Be2 Nxd2 9. Qxd2 Nd7 10. 0-0 0-0 11. Bd3 Bxd3 12. Qxd3 e6 13. e4 dxe4 14. Qxe4 Nf6 15. Qe2 Qb6 16. Rfd1 Rfe8 1/2-1/2

[Event "RUS-chT2 17th"]
[Site "Dagomys"]
[Date "2010.04.04"]
[Round "3"]
[White "Kokarev, Dmitry"]
[Black "Maslak, Konstantin"]
[Result "1/2-1/2"]
[WhiteElo "2622"]
[BlackElo "2560"]
[PlyCount "79"]
[EventDate "2010.04.01"]
[EventType "team-tourn"]
[EventRounds "7"]
[EventCountry "RUS"]
[SourceTitle "CBM 135 Extra"]
[Source "ChessBase"]
[SourceDate "2010.05.04"]
[SourceVersion "1"]
[SourceVersionDate "2010.05.04"]
[SourceQuality "1"]

1. e4 e5 2. Nf3 Nf6 3. Nxe5 d6 4. Nf3 Nxe4 5. Nc3 Nxc3 6. dxc3 Be7 7. Be3 Nc6 8. Qd2 0-0 9. 0-0-0 Ne5 10. h4 c6 11. Kb1 Qa5 12. Be2 Be6 13. b3 Nxf3 14. Bxf3 Bf6 15. Bd4 Bxd4 16. Qxd4 Qc5 17. Kb2 Qxd4 18. cxd4 d5 19. Rhe1 Rfe8 20. Re3 Kf8 21. Rde1 Rad8 22. g3 Ke7 23. Bh5 Kd7 24. Kc3 b6 25. Kd2 a5 26. c3 Ra8 27. a3 a4 28. b4 b5 29. Re5 Rab8 30. Bf3 f6 31. R5e3 Bf7 32. Bg4+ Kd8 33. Rxe8+ Bxe8 34. Bf5 h6 35. g4 Rb7 36. Rg1 Re7 37. Bd3 Bd7 38. Bg6 Be8 39. Bd3 Bd7 40. Bg6 1/2-1/2

[Event "RUS-chT2 17th"]
[Site "Dagomys"]
[Date "2010.04.03"]
[Round "2"]
[White "Maslak, Konstantin"]
[Black "Bachin, Vitaly"]
[Result "1-0"]
[WhiteElo "2560"]
[BlackElo "2485"]
[PlyCount "39"]
[EventDate "2010.04.01"]
[EventType "team-tourn"]
[EventRounds "7"]
[EventCountry "RUS"]
[SourceTitle "CBM 135 Extra"]
[Source "ChessBase"]
[SourceDate "2010.05.04"]
[SourceVersion "1"]
[SourceVersionDate "2010.05.04"]
[SourceQuality "1"]

1. e4 c6 2. d4 d5 3. f3 e6 4. Nc3 Qb6 5. Nge2 Nd7 6. exd5 exd5 7. Ng3 Ndf6 8. Qe2+ Be6 9. Qf2 0-0-0 10. Bd3 h6 11. Bd2 Qxb2 12. Rb1 Qa3 13. Rb3 Qe7 14. 0-0 c5 15. Nb5 b6 16. dxc5 bxc5 17. Nf5 Qd7 18. Nbd6+ Bxd6 19. Ba6+ Kc7 20. Ba5+ 1-0

[Event "RUS-chT2 17th"]
[Site "Dagomys"]
[Date "2010.04.02"]
[Round "1"]
[White "Maslak, Konstantin"]
[Black "Filippov, Anton"]
[Result "0-1"]
[WhiteElo "2560"]
[BlackElo "2598"]
[PlyCount "136"]
[EventDate "2010.04.01"]
[EventType "team-tourn"]
[EventRounds "7"]
[EventCountry "RUS"]
[SourceTitle "CBM 135 Extra"]
[Source "ChessBase"]
[SourceDate "2010.05.04"]
[SourceVersion "1"]
[SourceVersionDate "2010.05.04"]
[SourceQuality "1"]

1. c4 e5 2. Nc3 Nf6 3. Nf3 Nc6 4. g3 Bb4 5. Nd5 Bc5 6. d3 h6 7. Bg2 d6 8. 0-0 Nxd5 9. cxd5 Nd4 10. e3 Nxf3+ 11. Qxf3 0-0 12. Bd2 a5 13. Bc3 Qg5 14. Qd1 Bg4 15. Qd2 Bb6 16. h3 Bf5 17. Kh2 Qe7 18. Rae1 Bd7 19. f4 f6 20. f5 Bb5 21. h4 c6 22. Be4 Qf7 23. Qg2 Rfc8 24. g4 Kf8 25. Rg1 Ke7 26. Qf3 Kd7 27. Rg3 a4 28. a3 Rh8 29. Kg1 Rac8 30. Kf2 Bd8 31. Kg1 Bb6 32. Re2 Bd8 33. Rd2 Be7 34. Kh2 c5 35. Qd1 Ra8 36. d4 b6 37. Bc2 Kc7 38. dxe5 fxe5 39. Rh3 Bf6 40. e4 g6 41. Rg2 Qe7 42. Qe1 Rag8 43. Bd1 Bc4 44. Bd2 gxf5 45. gxf5 Rxg2+ 46. Kxg2 Rg8+ 47. Kh2 Qe8 48. Bxh6 Bb3 49. Bxb3 axb3 50. Qe2 Kb7 51. Bd2 Qa4 52. Bc3 Rh8 53. Qg4 Qc4 54. h5 Qf1 55. Qf3 Qc1 56. Rg3 Bg5 57. Rg1 Bf4+ 58. Kh1 Qc2 59. Re1 Rg8 60. Re2 Rg3 61. Qf2 Qd1+ 62. Be1 Rh3+ 63. Kg1 Rh2 64. Qxh2 Bxh2+ 65. Rxh2 Qxe1+ 66. Kg2 Qxe4+ 67. Kg3 Qf4+ 68. Kg2 Qg5+ 0-1